| 000 | 00419nam a2200145 i 4500 | ||
|---|---|---|---|
| 001 | 66146 | ||
| 003 | ES-MaACL | ||
| 005 | 20230906165543.0 | ||
| 007 | t| | ||
| 008 | 040128s1914 sp ||||1| spa d | ||
| 100 | 1 |
_aGadea Vidal, José María. _953193 |
|
| 245 | 1 | 0 |
_aIntercambio del pensamiento jurídico de los pueblos / _cJosé Mª Gadea Vidal. |
| 260 |
_aValencia : _b[s.n.], _c1914. |
||
| 852 |
_aES-MaACL _jT-1415-F-5 |
||
| 999 |
_c66146 _d66146 |
||